|
|
|
|
| LEADER |
01146nam a2200277 u 4500 |
| 001 |
10119378 |
| 003 |
upatras |
| 005 |
20210117205753.0 |
| 008 |
160309s2012 us eng |
| 020 |
|
|
|a 9780300181807
|
| 040 |
|
|
|a ΠΑΝΕΠΙΣΤΗΜΙΟ ΠΑΤΡΑΣ
|c ΠΑΝΕΠΙΣΤΗΜΙΟ ΠΑΤΡΑΣ
|
| 041 |
0 |
|
|a eng
|
| 082 |
0 |
4 |
|a 320.01
|
| 100 |
1 |
|
|a Smith, Steven B.
|d 1951-
|4 aut
|9 86151
|
| 245 |
1 |
0 |
|a Political philosophy
|c Steven B. Smith
|
| 260 |
|
|
|a New Haven
|b Yale University Press
|c 2012
|
| 300 |
|
|
|a xi, 282 σ.
|c 24 εκ.
|
| 490 |
0 |
|
|a The open Yale courses series
|
| 504 |
|
|
|a Περιλαμβάνει βιβλιογραφία και ευρετήριο
|
| 650 |
|
4 |
|9 688
|a Πολιτική επιστήμη
|x Φιλοσοφία
|
| 760 |
0 |
|
|a The open Yale courses series
|
| 852 |
|
|
|a GR-PaULI
|b ΠΑΤΡΑ
|b ΦΙΛΟΣΟΦΙΑ
|k ΑΣΧΞ-4
|h 320.01 STE
|m 11102
|p 025000186490
|t 1
|
| 942 |
|
|
|2 ddc
|c BK15
|
| 952 |
|
|
|0 0
|1 0
|4 0
|6 320_010000000000000_STE
|7 0
|9 190086
|a PHIL
|b PHIL
|d 2016-04-24
|i 11102
|l 0
|o 320.01 STE
|p 025000186490
|r 2024-02-12 00:00:00
|t 1
|w 2016-04-24
|y BK15
|
| 998 |
|
|
|c ΚΑΝΕΛΛΟΠΟΥΛΟΥ
|d 2016-02
|
| 999 |
|
|
|c 117058
|d 117058
|